Villes de Bretagne - Carte Quiz - Statistiques

Statistiques générales
  • Ce quiz a été pris 77 140 fois
  • Le résultat moyen est 7 sur 12
Réponses sur la Carte
Les réponses sont colorées sur une échelle allant du rouge au vert en fonction du pourcentage des utilisateurs qui les ont devinées à leur premier essai. Vous pouvez retrouver ces pourcentages ci-dessous.
 
Statistiques - réponses
Réponse % Correct
Brest
93%
Rennes
83%
Saint-Malo
77%
Quimper
67%
Lorient
66%
Vannes
64%
Saint-Brieuc
62%
Fougères
52%
Pontivy
47%
Landerneau
43%
Lannion
43%
Concarneau
40%
Aucun quiz correspondant
Distribution des résultats
% des personnes avec chaque résultat
Percentile par nombre de réponses
Votre historique - résultats
Vous n’avez pas pris ce quiz